[Event "World Junior Open 2017"]
[Site "Tarvisio ITA"]
[Date "2017.11.14"]
[Round "2.15"]
[White "Praggnanandhaa, R"]
[Black "Mohammad, Nubairshah Shaikh"]
[Result "1-0"]
[WhiteTitle "IM"]
[BlackTitle "IM"]
[WhiteElo "2509"]
[BlackElo "2394"]
[WhiteFideId "25059530"]
[BlackFideId "5053196"]
[EventDate "2017.11.13"]

1. e4 c6 2. d4 d5 3. exd5 cxd5 4. Bd3 Nc6 5. c3 Nf6 6. Bf4 g6 7. Nf3 Bg7 8. O-O
O-O 9. Re1 Nh5 10. Be3 f5 11. Na3 f4 12. Bc1 Bg4 13. Be2 Qd6 14. h3 Bd7 15. Nb5
Qb8 16. c4 e6 17. b3 a6 18. Nc3 Qa7 19. cxd5 Nxd4 20. Bb2 Ng3 21. Bc4 b5 22.
dxe6 bxc4 23. exd7 Rad8 24. Nxd4 Bxd4 25. Qf3 Rxd7 26. Rad1 cxb3 27. axb3 Rfd8
28. Rd2 Nf5 29. Qxf4 Qb7 30. Ne4 Qxb3 31. Nf6+ Bxf6 32. Rxd7 Rxd7 33. Bxf6 h5
34. Qe4 Qf7 35. Qa8+ 1-0